INORGANIC CHEMISTRY RADIOCHEMISTRY (Record no. 12056)
[ view plain ]
| 000 -LEADER | |
|---|---|
| fixed length control field | 00278nam a22001217a 4500 |
| 008 - FIXED-LENGTH DATA ELEMENTS--GENERAL INFORMATION | |
| fixed length control field | 170426b xxu||||| |||| 00| 0 eng d |
| 041 ## - LANGUAGE CODE | |
| Language code of text/sound track or separate title | eng |
| 080 ## - UNIVERSAL DECIMAL CLASSIFICATION NUMBER | |
| Universal Decimal Classification number | 546 |
| 100 ## - Rafti | |
| Rafti | 12 |
| 101 ## - Shkurtesa | |
| Shkurtesa | SHM |
| 245 ## - TITLE STATEMENT | |
| Title | INORGANIC CHEMISTRY RADIOCHEMISTRY |
| Statement of responsibility, etc | EMELEUS.H.J |
| 942 ## - ADDED ENTRY ELEMENTS (KOHA) | |
| Source of classification or shelving scheme | |
| Item type | Books |
| Withdrawn status | Lost status | Source of classification or shelving scheme | Damaged status | Not for loan | Collection code | Permanent location | Current location | Shelving location | Date acquired | Total Checkouts | Full call number | Barcode | Date last seen | Price effective from | Koha item type |
|---|---|---|---|---|---|---|---|---|---|---|---|---|---|---|---|
| Koleksioni i përgjithshem | UBT - Lipjan | UBT - Lipjan | Koleksioni i përgjithshem | 04/26/2017 | 546 EME | 002-282749 | 04/26/2017 | 04/26/2017 | Books | ||||||
| Koleksioni i përgjithshem | UBT - Lipjan | UBT - Lipjan | Koleksioni i përgjithshem | 04/26/2017 | 546 EME | 002-282754 | 04/26/2017 | 04/26/2017 | Books | ||||||
| Koleksioni i përgjithshem | UBT - Lipjan | UBT - Lipjan | Koleksioni i përgjithshem | 04/26/2017 | 546 EME | 002-282759 | 04/26/2017 | 04/26/2017 | Books | ||||||
| Koleksioni i përgjithshem | UBT - Lipjan | UBT - Lipjan | Koleksioni i përgjithshem | 04/26/2017 | 546 EME | 002-282744 | 04/26/2017 | 04/26/2017 | Books |